000 00707nam a2200229Ia 4500
003 OSt
005 20250920113718.0
008 210716s2018 xx 000 0 und d
020 _a9789352137299
040 _cAIMIT LIBRARY
041 _aeng
082 _a005.768
_21
_bLASB
100 _aLaster, Brent.
_9239867
245 _aJenkins 2 :
_bup and running /
_cBy Brent Laster.
250 _a1 st ed.
260 _aNew Delhi :
_bShroff Publishers and Distributors Pvt Ltd ,
_c2018.
300 _axxv,575p. ;
_bPB
_c23.8 cm
650 _aPipeline execution flow
_9239868
650 _aAccess and security
_9239869
650 _aUnderstanding project types
_9239870
942 _2ddc
_cBK
_e1st
_k005.768 LASB
999 _c196881
_d196881